000 00694nam a2200289Ia 4500
005 20260324144000.0
008 008 260324s9999 xx 000 0 eng d
020 _a9780429043260
037 _aEBOOK
040 _aCRL
040 _beng
040 _cCRL
041 _2eng
041 _aeng
084 _qCRL
100 _aRebecca L Johnson
_91217636
245 0 _aEconomic Valuation Of Natural Resources
245 0 _bIssues, Theory, And Applications
260 _bTaylor and Francis
260 _c1990
365 _a
365 _b230
856 _uhttp://www.taylorfrancis.com/books/9780429043260
942 _cEBOOK
999 _c1823702
_d1823702